| 000 | 00669nam a22002177a 4500 | ||
|---|---|---|---|
| 008 | 151211b xxu||||| |||| 00| 0 eng d | ||
| 020 | _a0073025828 (alk. paper) | ||
| 020 | _a9780073025827 (alk. paper) | ||
| 041 | 0 | _aeng | |
| 080 | _a615.83 | ||
| 100 | 1 | _aSaeger, Jan L. | |
| 245 | 1 | 0 |
_aNew foundations in therapeutic massage and bodywork / _cJan L. Saeger, Donna Kyle-Brown. |
| 246 | 3 | 0 | _aTherapeutic massage and bodywork. |
| 250 | _a1st ed. | ||
| 260 |
_aDubuque, IA : _bMcGraw Hill, _c2008. |
||
| 300 |
_axxviii, 597 f. : _bme il.; _c28 cm. |
||
| 490 | _aMassage therapy series. | ||
| 650 | 0 | _aFizioterapi | |
| 700 | 1 | _aKyle-Brown, Donna. | |
| 942 |
_2udc _cBK |
||
| 999 |
_c1404 _d1404 |
||